[Event "Kecskemet"]
[Site "Kecskemet"]
[Date "2001.??.??"]
[Round "4"]
[White "Sprenger, Wendelin"]
[Black "Papp, Gabor"]
[Result "0-1"]
[WhiteElo "2233"]
[BlackElo "2230"]
[PlyCount "106"]
[EventDate "2001.??.??"]
[EventType "tourn"]
[EventRounds "9"]
[EventCountry "HUN"]
[EventCategory "1"]
[SourceTitle "EXT 2002"]
[Source "ChessBase"]
[SourceDate "2001.11.25"]
[SourceVersion "1"]
[SourceVersionDate "2001.11.25"]
[SourceQuality "1"]

1. g3 g6 2. Bg2 Bg7 3. c4 Nf6 4. Nc3 0-0 5. Nf3 d6 6. 0-0 e5 7. d3 c6 8. Rb1 Qc7 9. b4 a6 10. a4 Be6 11. b5 axb5 12. axb5 Nbd7 13. Ng5 Nc5 14. Nxe6 Nxe6 15. e3 Nd7 16. Bb2 Ra5 17. f4 Rfa8 18. Qf3 Nd8 19. f5 Nc5 20. fxg6 hxg6 21. bxc6 bxc6 22. Ne4 Nxd3 23. Bc3 Ra3 24. Rbd1 d5 25. Rxd3 dxe4 26. Qxe4 f5 27. Qh4 Ne6 28. Rfd1 Rxc3 29. Rxc3 e4 30. Rc2 Qb6 31. g4 Qxe3+ 32. Qf2 Qxf2+ 33. Kxf2 Bd4+ 34. Ke1 c5 35. gxf5 gxf5 36. Bh3 Rf8 37. Rg2+ Kh8 38. Rb1 Nf4 39. Rg3 Nd3+ 40. Rxd3 exd3 41. Kd2 f4 42. Bf1 f3 43. Bxd3 Rg8 44. Be4 Rg2+ 45. Kd3 Re2 46. Bd5 Re3+ 47. Kd2 f2 48. Rb8+ Kg7 49. Rg8+ Kh6 50. Bg2 Re1 51. Rf8 Kg5 52. Bh3 Bf6 53. Rg8+ Kh4 0-1